High-A Baseball Locations With a Map - Statistics

General Stats
  • This quiz has been taken 19 times
  • The average score is 21 of 30
Answers on the Map
Answers color-coded by a green-red scale on the quiz's map according to % correct below.
 
Answer Stats
Major League Affiliate Location Team Name % Correct
Oakland Athletics Lansing Lugnuts
94%
San Diego Padres Fort Wayne TinCaps
88%
Arizona Diamondbacks Hillsboro Hops
88%
Cincinnati Reds Dayton Dragons
82%
San Francisco Giants Eugene Emeralds
82%
St. Louis Cardinals Peoria Chiefs
82%
Toronto Blue Jays Vancouver Canadians
82%
Milwaukee Brewers Wisconsin Timber Rattlers
82%
Minnesota Twins Cedar Rapids Kernels
76%
Pittsburgh Pirates Greensboro Grasshoppers
76%
Texas Rangers Hickory Crawdads
76%
Kansas City Royals Quad Cities River Bandits
76%
Chicago Cubs South Bend Cubs
76%
Colorado Rockies Spokane Indians
76%
Detroit Tigers West Michigan Whitecaps
76%
Washington Nationals Wilmington Blue Rocks
76%
Houston Astros Asheville Tourists
71%
Tampa Bay Rays Bowling Green Hot Rods
71%
Chicago White Sox Winston-Salem Dash
71%
Seattle Mariners Everett AquaSox
65%
Boston Red Sox Greenville Drive
65%
Miami Marlins Beloit Sky Carp
59%
New York Yankees Hudson Valley Renegades
59%
Philadelphia Phillies Jersey Shore BlueClaws
59%
Baltimore Orioles Aberdeen IronBirds
53%
Atlanta Braves Rome Braves
53%
Los Angeles Angels Tri-City Dust Devils
53%
Los Angeles Dodgers Great Lakes Loons
47%
Cleveland Guardians Lake County Captains
47%
New York Mets Brooklyn Cyclones
41%
No matching quizzes found
Score Distribution
Percent of People with Each Score
Percentile by Number Answered
Your Score History
You have not taken this quiz